The Occasional review.

Bibliographic Details
Format: Journal
Language:English
Published: San Diego, California : World Research, inc., Campus Studies Institute Division, -[1978]
Subjects:
Online Availability: Check for online availability

MARC

Tag First Indicator Second Indicator Subfields
LEADER 00000cas a2200000 a 4500
001 in00000086959
005 20190122114927.0
008 750722d19741978caufr p 0 a0eng
010 |a  75642129  
019 |a 11882240 
022 |a 0097-8221  |l 0097-8221  |2 1 
029 1 |a AU@  |b 000025561515 
035 |a (OCoLC)ocm01799173 
035 |a (OCoLC)1799173  |z (OCoLC)11882240 
037 |b 11722 Sorento Valley Road, 92111 
040 |a DLC  |b eng  |c DLC  |d OCL  |d NST  |d OCL  |d NST  |d OCLCQ  |d KYUBL  |d OCLCO  |d OCLCF  |d TXA  |d UtOrBLW 
042 |a pcc  |a nsdp 
049 |a TXAM 
050 0 0 |a AS30  |b .O26 
082 0 |a 051 
222 0 |a Occasional review 
245 0 4 |a The Occasional review. 
264 1 |a San Diego, California :  |b World Research, inc., Campus Studies Institute Division,  |c -[1978] 
300 |a volumes :  |b illustrations ;  |c 23 cm. 
310 |a Semiannual,  |b <1976>-1978 
336 |a text  |b txt  |2 rdacontent 
337 |a unmediated  |b n  |2 rdamedia 
338 |a volume  |b nc  |2 rdacarrier 
362 1 |a Began with: Issue 1 (February); ceased with: Issue 8/9 (Autumn 1978). 
500 |a "A journal of contemporary thought in the humanities, arts & sciences." 
515 |a Some numbers issued in combined form. 
588 |a Description based on: Issue 4 (Winter 1976); title from cover. 
588 |a Latest issue consulted: Issue 8/9 (Autumn 1978). 
650 0 |a Humanities  |v Periodicals.  |0 http://id.loc.gov/authorities/subjects/sh2008105922 
650 0 |a Arts  |v Periodicals.  |0 http://id.loc.gov/authorities/subjects/sh2007100726 
650 0 |a Social sciences  |v Periodicals.  |0 http://id.loc.gov/authorities/subjects/sh2008111847 
650 7 |a Arts.  |2 fast  |0 (OCoLC)fst00817721 
650 7 |a Humanities.  |2 fast  |0 (OCoLC)fst00963588 
650 7 |a Social sciences.  |2 fast  |0 (OCoLC)fst01122877 
655 7 |a Periodicals.  |2 fast  |0 (OCoLC)fst01411641 
710 2 |a World Research, Inc.  |b Campus Studies Institute Division,  |e issuing body. 
776 0 8 |i Online version:  |t Occasional review  |w (OCoLC)682469696 
850 |a DLC  |a FU  |a ICRL  |a KU-S  |a NN 
949 |a updated  |b h  |c 2018/10/12  |e spoltoratski  |f 3:57:22 pm 
994 |a C0  |b TXA 
999 f f |s c0b78303-36a0-354a-b658-191f80ea8504  |i d0249d46-eb29-31c6-a990-d654bb18af80  |t 0 
952 f f |p ric  |a Texas A&M University  |b Rellis Campus  |c Joint Library Facility  |d Remote Storage  |t 0  |e AS30 .O26  |h Library of Congress classification  |i unmediated -- volume  |k no.6-7  |l 1977  |m A14832342451 
952 f f |p ric  |a Texas A&M University  |b Rellis Campus  |c Joint Library Facility  |d Remote Storage  |t 0  |e AS30 .O26  |h Library of Congress classification  |i unmediated -- volume  |k no.4-5  |l 1976  |m A14832342493 
952 f f |p ric  |a Texas A&M University  |b Rellis Campus  |c Joint Library Facility  |d Remote Storage  |t 0  |e AS30 .O26  |h Library of Congress classification  |i unmediated -- volume  |k no.8/9  |l 1978:Autumn  |m A14832342419 
998 f f |a AS30 .O26  |s no.4-8/9 (1976:Winter-1978:Autumn)  |t 0  |l Remote Storage